MARC

Tag First Indicator Second Indicator Subfields
LEADER 00000cam a2200000 a 4500
001 in00000003201
005 20151007051048.0
008 990422s1999 dcua f000 0 eng c
035 |a (OCoLC)ocm41674482 
035 |9 AJG2984AM 
040 |a CPS  |c CPS  |d AGL  |d CUY  |d GPO  |d DLC  |d MvI  |d UtOrBLW 
042 |a pcc 
043 |a n-us--- 
049 |a UDOC 
070 0 |a aHD9006  |b .U8 1999 
072 0 |a E100 
074 |a 0077 
086 0 |a A 67.2:F 73/12 
090 |a HD9006  |b .U15 1999 
245 0 0 |a U.S. action plan on food security :  |b solutions to hunger. 
246 3 |a US action plan on food security 
246 2 |a United States action plan on food security 
246 3 0 |a Solutions to hunger 
264 1 |a Washington, DC :  |b U.S. Dept. of Agriculture, Foreign Agricultural Service,  |c [1999] 
300 |a iii, 59 pages, 15 unnumbered pages :  |b illustrations ;  |c 28 cm. 
336 |a text  |b txt  |2 rdacontent 
337 |a unmediated  |b n  |2 rdamedia 
338 |a volume  |b nc  |2 rdacarrier 
500 |a "This Action Plan is a joint effort of the sub-Cabinet level Interagency Working Group on Food Security (IWG) and the non-governmental Food Security Advisory Committee (FSAC), a subcommittee of the Board for International Food and Agricultural Development"--P. [2] of cover. 
500 |a Shipping list number: 99-0198-P. 
500 |a "Issue date: March 1999"--P. [2] of cover. 
500 |a Shipping List #: 99-0198-P 
500 |a Shipping List Date: 04/12/99 
650 0 |a Food supply  |z United States. 
650 0 |a Food relief  |z United States. 
650 0 |a Agricultural productivity  |z United States. 
650 0 |a Nutrition policy  |z United States. 
710 1 |a United States.  |b Foreign Agricultural Service. 
710 2 |a Interagency Working Group on Food Security (U.S.) 
710 1 |a United States.  |b Board for International Food and Agricultural Development.  |b Food Security Advisory Committee. 
999 |a MARS 
999 f f |s 7ec418f0-abba-3ce4-8886-8a5f2bfe8693  |i 4fc6f854-1f00-37fd-8006-e357079da5b2  |t 0 
952 f f |p normal  |a Texas A&M University  |b College Station  |c Sterling C. Evans Library  |d Evans: US Documents (Annex 5th floor)  |t 0  |e A 67.2:F 73/12  |h Superintendent of Documents classification  |i unmediated -- volume  |m A14824478638 
998 f f |a A 67.2:F 73/12  |t 0  |l Evans: US Documents (Annex 5th floor)